Statistics for Regions on the Map

Click here to take the quiz!

General Stats

  • This quiz has been taken 1,821 times
  • The average score is 16 of 26

Answers on the Map

Answers color-coded by a green-red scale on the quiz's map according to % correct below.
 

Answer Stats

Regions% Correct
California
97%
Texas
95%
Sicily
84%
Wales
84%
Quebec
83%
Catalonia
79%
Tibet
79%
Alberta
78%
Queensland
78%
Western Australia
76%
Baja California
75%
Bavaria
75%
Brittany
74%
Inner Mongolia
64%
Tuscany
64%
Yucatán
57%
Corsica
54%
Chihuahua
47%
Abu Dhabi
46%
Amazonas
42%
São Paulo
35%
Guangdong
31%
Tamil Nadu
27%
Veracruz
22%
Jammu and Kashmir
18%
Northern Cape
15%

Score Distribution

Percentile by Number Answered

Percent of People with Each Score

Your Score History

You have not taken this quiz